<?xml version="1.0" encoding="UTF-8"?><?xml-stylesheet type="text/xsl" href="static/style.xsl"?><OAI-PMH xmlns="http://www.openarchives.org/OAI/2.0/" xmlns:xsi="http://www.w3.org/2001/XMLSchema-instance" xsi:schemaLocation="http://www.openarchives.org/OAI/2.0/ http://www.openarchives.org/OAI/2.0/OAI-PMH.xsd"><responseDate>2026-04-26T23:41:39Z</responseDate><request verb="GetRecord" identifier="oai:uvadoc.uva.es:10324/45403" metadataPrefix="marc">https://uvadoc.uva.es/oai/request</request><GetRecord><record><header><identifier>oai:uvadoc.uva.es:10324/45403</identifier><datestamp>2021-09-29T11:11:29Z</datestamp><setSpec>com_10324_38</setSpec><setSpec>col_10324_852</setSpec></header><metadata><record xmlns="http://www.loc.gov/MARC21/slim" xmlns:doc="http://www.lyncode.com/xoai" xmlns:xsi="http://www.w3.org/2001/XMLSchema-instance" xmlns:dcterms="http://purl.org/dc/terms/" xsi:schemaLocation="http://www.loc.gov/MARC21/slim http://www.loc.gov/standards/marcxml/schema/MARC21slim.xsd">
<leader>00925njm 22002777a 4500</leader>
<datafield tag="042" ind1=" " ind2=" ">
<subfield code="a">dc</subfield>
</datafield>
<datafield tag="720" ind1=" " ind2=" ">
<subfield code="a">Chamorro Urbón, Victoria</subfield>
<subfield code="e">author</subfield>
</datafield>
<datafield tag="260" ind1=" " ind2=" ">
<subfield code="c">2020</subfield>
</datafield>
<datafield tag="520" ind1=" " ind2=" ">
<subfield code="a">El siguiente trabajo pretende analizar desde una perspectiva teórico-práctica algunos aspectos relacionados con la Resolución de 5 de marzo de 2019, del Instituto de Contabilidad y Auditoría de Cuentas publicada por el Boletín Oficial del Estado, por la que se desarrollan los criterios de presentación de los instrumentos financieros y otros aspectos contables relativos a la regulación mercantil de las sociedades de capital.&#xd;
Al tratarse de una resolución extremadamente amplia, el trabajo se ha centrado en estudiar detalladamente las implicaciones e interpretación que dicha resolución conlleva en el registro contable y cálculo de la aplicación del resultado.&#xd;
Para ello se ha tratado de analizar la problemática contable que contiene la aplicación del resultado bajo un punto de vista teórico y a continuación aclarar estas implicaciones mediante dos casos prácticos con el objeto de poder ilustrar la interpretación de la compleja norma.</subfield>
</datafield>
<datafield tag="520" ind1=" " ind2=" ">
<subfield code="a">The following work is intended to analyze from a theoretical-practical perspective&#xd;
some aspects related to the Resolution of March 5, 2019, of the Institute of&#xd;
Accounting and Auditing of Accounts published by the Official State Gazette,&#xd;
which develops the criteria for the presentation of financial instruments and other&#xd;
accounting aspects related to the mercantile regulation of capital companies.&#xd;
As it is an extremely broad resolution, the work has focused on studying in detail&#xd;
the implications and interpretation that said resolution entails in the accounting&#xd;
record and calculation of the implementation of the result.&#xd;
To do this, an attempt has been made to analyze the accounting problems&#xd;
contained in the implementation of the result from a theoretical point of view, and&#xd;
then to clarify these implications through two practical cases in order to illustrate&#xd;
the interpretation of the complex law.</subfield>
</datafield>
<datafield tag="024" ind2=" " ind1="8">
<subfield code="a">http://uvadoc.uva.es/handle/10324/45403</subfield>
</datafield>
<datafield ind1=" " ind2=" " tag="653">
<subfield code="a">Finanzas - Contabilidad - Derecho - España</subfield>
</datafield>
<datafield ind1=" " ind2=" " tag="653">
<subfield code="a">Sociedades - Administración - España</subfield>
</datafield>
<datafield tag="245" ind1="0" ind2="0">
<subfield code="a">La distribución de dividendos según la Resolución del ICAC de 5 de marzo de 2019.</subfield>
</datafield>
</record></metadata></record></GetRecord></OAI-PMH>